Comparative dictionary of Malay-Indonesian synonyms

Bibliographic Details
Other Authors: Prof.Abdullah Hassan, Suryadinata, Leo
Format: Book
Published: Singapore : Times Books International , 1991
Subjects:

MARC

LEADER 00000cam a2200000 7i4500
001 0000002731
002 000002961
005 20000330.0
020 |a 9812042156 
090 0 0 |a 443.21   |b COM 
245 0 0 |a Comparative dictionary of Malay-Indonesian synonyms   |c compiled by Dr.Leo Suryadinata ; edited by Prof.Abdullah Hassan 
260 |a Singapore :   |b Times Books International ,   |c 1991 
300 |a 486p. ;   |c 22cm. 
650 0 0 |a Indonesian language   |x Dictionaries   |x Malay 
650 0 0 |a Malay language   |x Dictionaries   |x Indonesian 
650 0 0 |a Malay-Indonesia synonyms   |x Dictionaries 
700 0 |a Prof.Abdullah Hassan 
700 1 |a Suryadinata, Leo   |f Dr 
999 |a 035672   |b BUKU   |c RUJUKAN   |e PERPUSTAKAAN KOMUNITI PETALING JAYA